| 000 | 00766 a2200265 4500 | ||
|---|---|---|---|
| 260 | _aBruxelles | ||
| 630 | _a65 - Gestion et organisation de l'industrie, du commerce, de la communication et des transports | ||
| 650 | _a6 - SCIENCES APPLIQUEES | ||
| 100 | _aVan Vracem, Paul | ||
| 700 | _aJanssens-Umflat, Martine | ||
| 260 | _bDeBoeck | ||
| 245 | _aComportement du consommateur : facteur d'influence externe, famille, groupes, culture, "conomie et entreprise | ||
| 300 | _a365p. | ||
| 650 | _aConsommateur : comportement | ||
| 260 | _c1994 | ||
| 300 | _b24 cm. | ||
| 100 | _lFr | ||
| 037 | _aDe 8997 | ||
| 037 | _aDe 8998 | ||
| 440 | _aCollection Entreprise | ||
| 440 | _x0777-284X | ||
| 020 | _a2-8041-1754-5 | ||
| 999 |
_c33705 _d33705 |
||